000 00632nam a2200241Ia 4500
003 OSt
005 20221007070531.0
006 a|||||r|||| 00| 0
007 ta
008 221006b |||||||| |||| 00| 0 eng d
024 _a43,296
037 _cTextual
040 _aFLL
_cFLL
_beng
041 _2eng
_aeng
082 _aX:89Q8:(Z).3, P7
100 _aButterworths
_9687468
245 0 _aThe law of product liability
250 _a2nd
260 _aGurgaon
_bLexisNexis India
_c2007
300 _a924 lxxxiii
_ccm.
942 _hX:89Q8:(Z).3, P7
_cTEXL
_2CC
999 _c1140783
_d1140783